022 - Samostatné hnuteľné veci a súbory hnuteľných vecí

Ekonomické vymedzenie pojmu samostatné hnuteľné veci. Obstaranie a opotrebenie samostatne hnuteľných vecí. Spôsoby vyradenia. Účtovanie na ťarchu a v prospech účtu 022. Problematika samostatných hnuteľných vecí v zákone o dani z príjmov.

Enregistré dans:
Détails bibliographiques
Auteur principal: Vépyová, Mária
Format: Chapitre de livre
Langue:slovaque
Sujets:
Tags: Ajouter un tag
Pas de tags, Soyez le premier à ajouter un tag!

MARC

LEADER 00000naa$a2200000$$$4500
001 0051279
005 20240502071609.8
041 0 |a slo 
044 |a SK 
245 1 0 |a 022 - Samostatné hnuteľné veci a súbory hnuteľných vecí  |c Mária Vépyová 
520 |a Ekonomické vymedzenie pojmu samostatné hnuteľné veci. Obstaranie a opotrebenie samostatne hnuteľných vecí. Spôsoby vyradenia. Účtovanie na ťarchu a v prospech účtu 022. Problematika samostatných hnuteľných vecí v zákone o dani z príjmov. 
610 2 0 |a jednotka účtovná 
610 2 0 |a účtovanie 
610 2 0 |a majetok hmotný 
610 2 0 |a obstarávanie 
610 2 0 |a opotrebovanie fyzické 
610 2 0 |a dane z príjmov 
100 1 |a Vépyová, Mária